000 00885nam a2200265 a 4500
001 000021237
005 20250305093321.0
008 100902s1979 ag r 000 | spa d
040 _aDO-SdBNP
_bspa
_cBNPHU
082 _a304.2
_bA853h
100 1 _aAstesano, Eduardo
_d1937-
_944385
245 1 3 _aHistoria ecológica y social de la humanidad /
_cEduardo Astesano.
260 _aSantafé de Bogotá, (Colombia) :
_bEdiciones Castañeda,
_c1979.
300 _a2 t. :
_bil. ;
_c23 cm.
490 1 _aDaniel Samper Ortega;
_v1
500 _aIncluye notas al pie de páginas
500 _aIncluye referencias bibliográficas
505 0 _at.1 :
_gel mundo antiguo
505 0 _at.2 :
_gel mundo moderno.
650 4 _aEcología humana
_xHistoria
_944386
650 0 _aECOLOGÍA
_99251
650 4 _aPaleoecología
_944387
830 0 _aDaniel Samper Ortega;
_v1
_944388
049 _aBNGR
999 _c20738
_d20738